[Event "Hamedan 5th"]
[Site "Hamedan"]
[Date "2013.??.??"]
[Round "11.5"]
[White "Samavatian, Ashkan"]
[Black "Jahangiri, Sadjad"]
[Result "1-0"]
[WhiteElo "1550"]
[BlackElo "1529"]
[PlyCount "49"]
[EventDate "2013.12.30"]
[EventType "tourn"]
[EventRounds "11"]
[EventCountry "IRI"]
[SourceTitle "EXT 2024"]
[Source "ChessBase"]
[SourceDate "2023.10.10"]
[SourceVersion "1"]
[SourceVersionDate "2023.10.10"]
[SourceQuality "1"]

1. e4 e5 2. Nf3 Nc6 3. Bc4 Bc5 4. Nc3 Nf6 5. 0-0 d6 6. h3 0-0 7. d3 h6 8. Nd5 Nxd5 9. Bxd5 Qf6 10. Be3 Nd4 11. c3 Nxf3+ 12. Qxf3 Qxf3 13. gxf3 c6 14. Bb3 Bxh3 15. Kh2 Bxf1 16. Rxf1 Kh8 17. d4 exd4 18. cxd4 Bb6 19. Rg1 f5 20. Be6 Bc7 21. exf5 Rae8 22. d5 cxd5 23. Bxd5 b6 24. Bd4 Rf7 25. Bxf7 1-0